ঢ়
ক্ষ
ড়
ঢ়
য়
র-ফলা‌‌‌
 
 
য-ফলা
ি
 
 
রেফ
 
 
 
যুক্ত করুন/হসন্ত
Space
Enter

Further comprehension and precis pieces for overseas students / (Record no. 7764)

000 -LEADER
fixed length control field 00588cam a2200193 a 4500
001 - CONTROL NUMBER
control field 398
003 - CONTROL NUMBER IDENTIFIER
control field BD-DhUAP
005 - DATE AND TIME OF LATEST TRANSACTION
control field 20210201111718.0
008 - FIXED-LENGTH DATA ELEMENTS--GENERAL INFORMATION
fixed length control field 210201s1994 enk b f000 0 eng
040 ## - CATALOGING SOURCE
Original cataloging agency BD-DhUAP
Transcribing agency BD-DhUAP
Modifying agency BD-DhUAP
Language of cataloging Eng
082 ## - DEWEY DECIMAL CLASSIFICATION NUMBER
Classification number 428.24 HIL
Edition number 23
100 ## - MAIN ENTRY--PERSONAL NAME
Personal name Hill, L. A.
245 ## - TITLE STATEMENT
Title Further comprehension and precis pieces for overseas students /
Statement of responsibility, etc. L. A. Hill and R. D. S. Fielden.
260 ## - PUBLICATION, DISTRIBUTION, ETC.
Place of publication, distribution, etc. London :
Name of publisher, distributor, etc. Longmans,
Date of publication, distribution, etc. c1961.
300 ## - PHYSICAL DESCRIPTION
Extent 85 pages ;
Dimensions 18 cm.
650 ## - SUBJECT ADDED ENTRY--TOPICAL TERM
Topical term or geographic name entry element English language
Form subdivision Study and teaching.
700 ## - ADDED ENTRY--PERSONAL NAME
Personal name Fielden, R. D. S.
942 ## - ADDED ENTRY ELEMENTS (KOHA)
Source of classification or shelving scheme
Koha item type Book
Holdings
Withdrawn status Lost status Source of classification or shelving scheme Damaged status Not for loan Permanent Location Current Location Shelving location Date acquired Full call number Barcode Date last seen Copy number Price effective from Koha item type
          UAP Central Library UAP Central Library Reserve Stacks 2021-02-01 428.24 HIL 3010000398 2021-02-01 1 2021-02-01 Book

All rights reserved © UAP Central Library,
University of Asia Pacific.